Microwave materials for wireless applications (Record no. 12371)

000 -LEADER
fixed length control field 00497nam a2200157 4500
020 ## - INTERNATIONAL STANDARD BOOK NUMBER
International Standard Book Number 9781608070923
082 ## - DEWEY DECIMAL CLASSIFICATION NUMBER
Classification number 621.3813 CRU
100 ## - MAIN ENTRY--PERSONAL NAME
Personal name Cruickshank, David B.
245 ## - TITLE STATEMENT
Title Microwave materials for wireless applications
260 ## - PUBLICATION, DISTRIBUTION, ETC.
Place of publication, distribution, etc. London
Name of publisher, distributor, etc. Artech House
Date of publication, distribution, etc. 2011
300 ## - PHYSICAL DESCRIPTION
Extent xxii, 221 p.
Other physical details ill. ;
490 ## - SERIES STATEMENT
Series statement Artech House microwave library
500 ## - GENERAL NOTE
General note Includes bibliographic references and index.
650 ## - SUBJECT ADDED ENTRY--TOPICAL TERM
Topical term or geographic name entry element 1. Microwaves 2. Wireless communication systems --Materials.
942 ## - ADDED ENTRY ELEMENTS (KOHA)
Koha item type Book
Holdings
Withdrawn status Lost status Damaged status Not for loan Collection code Permanent Location Current Location Shelving location Date acquired Source of acquisition Cost, normal purchase price Total Checkouts Full call number Barcode Date last seen Price effective from Koha item type
          Central Library (CL) Central Library (CL) General Stacks 12/27/2013 Saeed Book Bank 9492.38   621.3813 CRU SEECS012758 12/29/2013 12/29/2013 Book
© 2023 Central Library, National University of Sciences and Technology. All Rights Reserved.